Football - Les 10 plus gros transferts (2010-2011) - Statistiques

Statistiques générales
  • Ce quiz a été pris 72 fois
  • Le résultat moyen est 6 sur 10
Statistiques - réponses
Rang Club Précédent Nouveau Club Montant Joueur % Correct
1 Liverpool Chelsea 58 500 000 € Fernando Torres
83%
3 Valence Barcelone 40 000 000 € David Villa
70%
9 Ajax Amsterdam Liverpool 26 500 000 € Luis Suarez
64%
5 Benfica Real Madrid 33 000 000 € Angel Di Maria
61%
8 Valence Manchester City 28 750 000 € David Silva
59%
6 Barcelone Manchester City 30 000 000 € Yaya Touré
59%
2 Newcastle Liverpool 41 000 000 € Andy Carroll
48%
7 Inter Milan Manchester City 29 500 000 € Mario Balotelli
45%
4 Wolfsburg Manchester City 37 000 000 € Edin Dzeko
41%
10 Benfica Chelsea 25 000 000 € David Luiz
36%
Aucun quiz correspondant
Distribution des résultats
% des personnes avec chaque résultat
Percentile par nombre de réponses
Votre historique - résultats
Vous n’avez pas pris ce quiz